| 000 | 00000nam 2200000za 4500 |
| 001 | 9.843357 |
| 003 | CaOODSP |
| 005 | 20221107152515 |
| 007 | cr ||||||||||| |
| 008 | 170911s2014 onc #o f000 0 eng d |
| 040 | |aCaOODSP|beng |
| 043 | |an-cn--- |
| 086 | 1 |aH14-229/2014E-PDF |
| 245 | 00|aEvaluation of Employee Assistance Services, 2009-2010 to 2013-2014 |h[electronic resource] / |cprepared by Office of Evaluation, Health Canada and the Public Health Agency of Canada. |
| 246 | 17|aHealth Canada and the Public Health Agency of Canada evaluation report |
| 260 | |a[Ottawa] : |bHealth Canada and the Public Health Agency of Canada, |c2014. |
| 300 | |avi, 41 p. |
| 500 | |aIssued also in French under title: Évaluation des Services d'aide aux employés, 2009-2010 à 2013-2014. |
| 500 | |aCover title. |
| 500 | |a"August 2014." |
| 504 | |aIncludes bibliographic references. |
| 520 | |a"The purpose of the evaluation was to assess the relevance and performance of the Employee Assistance Services (EAS) for the period of 2009-2010 to 2013-2014. The evaluation was required by the Treasury Board of Canada’s Policy on Evaluation (2009), which now requires that all direct program spending be evaluated every five years"--Executive summary, p. ii. |
| 692 | 07|2gccst|aHealth |
| 692 | 07|2gccst|aWorkers |
| 710 | 1 |aCanada. |bHealth Canada. |
| 710 | 2 |aPublic Health Agency of Canada. |
| 775 | 08|tÉvaluation des Services d'aide aux employés, 2009-2010 à 2013-2014 |w(CaOODSP)9.843359 |
| 856 | 40|qPDF|s274 KB|uhttps://publications.gc.ca/collections/collection_2017/sc-hc/H14-229-2014-eng.pdf |